banner-ar

نقد الطالب لزغل المناصب / (Record no. 30825)

MARC details
000 -الفاتح
حقل البيانات ثابتة الطول 00744nam a2200217Ia 4500
008 - عناصر البيانات ثابتة الطول - معلومات عامة
حقل البيانات ثابتة الطول 140319s9999 xx 000 0 ara d
040 ## - مصدر الفهرسة
وكالة الفهرسة الأصلية GCL /
وكالة النسخ GCL
082 04 - رقم تصنيف ديوى العشرى
رقم التصنيف 953.08
رقم المادة ط ن
100 1# - المدخل الرئيسى - إسم شخصى
الإسم الشخصى محمد احمد الدهمان
245 10 - بيان العنوان
العنوان نقد الطالب لزغل المناصب /
بيان المسئوليه,etc محمد احمد الدهمان
700 1# - المدخل الاضافى - اسم شخصى
الإسم الشخصى ابن طولون : محمد بن على بن احمد بن على بن خمارويه الدمشقى
700 1# - المدخل الاضافى - اسم شخصى
الإسم الشخصى زاز اباظة (مراجع)
260 ## - PUBLICATION, DISTRIBUTION, ETC. (IMPRINT)
تاريخ النشر أو التوزيع 1992
300 ## - الوصف المادى
التعداد 211 ص
490 ## - بيان السلسلة
عنوان السلسلة
650 04 - المدخل الاضافى بالموضوع-مصطلح موضوعى
مصطلح موضوعي العالم العربى
650 04 - المدخل الاضافى بالموضوع-مصطلح موضوعى
مصطلح موضوعي التاريخ الاسلامى
650 04 - المدخل الاضافى بالموضوع-مصطلح موضوعى
مصطلح موضوعي المهن
942 ## - عناصر المدخل الإضافي( كوها)
مصدر التصنيف او مخطط الترفيف Dewey Decimal Classification
Koha [default] item type كتاب
260 ## - PUBLICATION, DISTRIBUTION, ETC. (IMPRINT)
-- [S.N] :
-- دار الفكر المعاصر ،
Holdings
حالة التراجع حالة الفقد حالة تلف ليس للاعارة المكان المؤقت الموقع الحالى تاريخ الاكتساب اجمالي اﻻعارات رقم الطلب الباركود تاريخ اخر مشاهدة تاريخ تفعيل السعر نوع وعاء كوها
        مكتبة القاهرة الكبرى مكتبة القاهرة الكبرى 03/26/2014   953.08\ط ن 71767 03/26/2014 03/26/2014 كتاب

Powered By

EGPV